Meranie harmonických zložiek v UPS ELTECO

Uložené v:
Podrobná bibliografia
Hlavný autor: Káčerík, Peter (Autor)
Ďalší autori: Drahoš, Peter (Vedúci práce)
Médium: Rukopis Kniha
Jazyk:Slovak
Vydavateľské údaje: Bratislava : STU v Bratislave FEI, 2007
Predmet:
Tagy: Pridať tag
Žiadne tagy, Buďte prvý, kto otaguje tento záznam!

MARC

LEADER 00000ntm a22000003a 4500
001 stu155958
005 20160719165057.2
008 080125s2007------------------------slo-d
040 |a STU  |b slo 
041 0 |a slo 
100 1 |a Káčerík, Peter  |4 aut 
245 1 |a Meranie harmonických zložiek v UPS ELTECO 
260 |a Bratislava :  |b STU v Bratislave FEI,  |c 2007 
300 |a 69 s 
650 7 |a kybernetika  |2 stusub 
650 7 |a Analyzátory  |2 stusub 
700 1 |a Drahoš, Peter  |4 ths  |u E010  |T FEI Ústav riadenia a priemyselnej informatiky  |X 3709  |U E010  |Y E010  |7 A000003709